Report on the working of the Indian boilers act (Act V of 1923) in Asam (Record no. 503705)
[ view plain ]
| 000 -LEADER | |
|---|---|
| fixed length control field | 00351cam a22000977a 4500 |
| 008 - FIXED-LENGTH DATA ELEMENTS--GENERAL INFORMATION | |
| fixed length control field | 180718b xxu||||| |||| 00| 0 eng d |
| 082 ## - DEWEY DECIMAL CLASSIFICATION NUMBER | |
| Classification number | R64011x5411 As72r |
| 245 ## - TITLE STATEMENT | |
| Title | Report on the working of the Indian boilers act (Act V of 1923) in Asam |
| Statement of responsibility, etc. | by Government of Assam |
| 260 ## - PUBLICATION, DISTRIBUTION, ETC. | |
| Place of publication, distribution, etc. | Shillong |
| Name of publisher, distributor, etc. | Assam Government Press |
| Date of publication, distribution, etc. | |
| 500 ## - GENERAL NOTE | |
| General note | Library has 1947-48 and 1948-49 |
| Withdrawn status | Lost status | Damaged status | Not for loan | Permanent Location | Current Location | Date acquired | Full call number | Barcode | Date last seen | Price effective from | Koha item type |
|---|---|---|---|---|---|---|---|---|---|---|---|
| Indian Institute of Public Administration | Indian Institute of Public Administration | 2018-08-04 | R64011x5411 As72r | GG32813 | 2018-08-04 | 2018-08-04 | GG | ||||
| Indian Institute of Public Administration | Indian Institute of Public Administration | 2018-08-04 | R64011x5411 As72r | GG32812 | 2018-08-04 | 2018-08-04 | GG | ||||
| Indian Institute of Public Administration | Indian Institute of Public Administration | 2018-08-04 | R64011x5411 As72r | GG32810 | 2018-08-04 | 2018-08-04 | GG |
